A cabritinha bebé (Record no. 49432)
[ view plain ]
| 000 -LÍDER | |
|---|---|
| campo de controle de tamanho fixo | 00286 a2200133 4500 |
| 001 - NÚMERO DE CONTROLE | |
| campo de controle | 49432 |
| 020 ## - ISBN - INTERNATIONAL STANDARD BOOK NUMBER | |
| ISBN - International Standard Book Number | 8575201794 |
| 040 ## - FONTE DA CATALOGAÇÃO | |
| Instituição que transcreveu o registro | Anchieta - Bela Vista |
| 240 10 - TÍTULO UNIFORME | |
| Título uniforme | A cabritinha bebé |
| Idioma da obra | por |
| 245 10 - TÍTULO | |
| Título | A cabritinha bebé |
| 300 ## - DESCRIÇÃO FÍSICA | |
| Extensão | 8 |
| 650 #4 - ASSUNTO--TERMO TÓPICO | |
| Cabeçalho tópico ou nome geográfico | Literatura infantil |
| 942 ## - ELEMENTOS DE ENTRADA ADICIONADOS (KOHA) | |
| Tipo de material Koha | Livros |
| Situação do descarte | Situação das perdas | Situação física | Não pode ser emprestado | Biblioteca de origem | Biblioteca atual | Data de aquisição | Total de empréstimos | Número de chamada completo | Código de barras | Data de último acesso | Data do preço efetivo | Tipo de material Koha |
|---|---|---|---|---|---|---|---|---|---|---|---|---|
| Colégio Anchieta - Bela Vista | Colégio Anchieta - Bela Vista | 21/11/2023 | LI 028.5 C117c CAB | 2106/BEL | 21/11/2023 | 21/11/2023 | Livros | |||||
| Colégio Anchieta - Bela Vista | Colégio Anchieta - Bela Vista | 21/11/2023 | LI 028.5 G261g GAT | 2306/BEL | 21/11/2023 | 21/11/2023 | Livros | |||||
| Colégio Anchieta - Bela Vista | Colégio Anchieta - Bela Vista | 21/11/2023 | LI 028.5 P837p POR | 3303/BEL | 21/11/2023 | 21/11/2023 | Livros | |||||
| Colégio Anchieta - Bela Vista | Colégio Anchieta - Bela Vista | 21/11/2023 | LI 028.5 O96o OVE | 3360/BEL | 21/11/2023 | 21/11/2023 | Livros | |||||
| Colégio Anchieta - Bela Vista | Colégio Anchieta - Bela Vista | 21/11/2023 | LI 028.5 L437l LEA | 3407/BEL | 21/11/2023 | 21/11/2023 | Livros | |||||
| Colégio Anchieta - Bela Vista | Colégio Anchieta - Bela Vista | 21/11/2023 | LI 028.5 M114m MAC | 4249/BEL | 21/11/2023 | 21/11/2023 | Livros | |||||
| Colégio Anchieta - Bela Vista | Colégio Anchieta - Bela Vista | 21/11/2023 | LI 028.5 C672c COE | 4703/BEL | 21/11/2023 | 21/11/2023 | Livros |